000 00976nam a22002297a 4500
999 _c5482
_d5482
003 AR-CdUCM
008 190312b ||||| |||| 00| 0 spa d
040 _aMUNICIPALIDAD PROVINCIAL DEL CUSCO
_cBIBLIOTECA MUNICIPAL DEL CUSCO
082 _a985.51 /
_bC35
100 _aCastro Vásquez, Aquilino
_916466
245 _aHanan Huanca :
_bhistoria de Huanca Alta y de los pueblos del valle Mantaro, desde sus orígenes hasta la República /
260 _aLima :
_bStella,
_c1992.
300 _a414 paginas, XVI,
500 _aEsclarecimiento al "Encuentro de los dos mundos" en su V centenario.
505 _aEl valle del mantaro -- La saya de hanan huanca y la cuenca hidrográfica del cunas -- La onomástica -- Génesis huanca (preincanato) -- Nuevo cuadro tempo-espacial para la historia huanca ...
650 _aArqueología
_9371
650 _aPerú
_935
650 _aValle del Río Mantaro
_916467
650 _aHistoria
_9136
942 _2ddc
_cLIBROS
945 _aacv